NEŞELİ, KEYİFLİ, MACERAVE BİLGİ DOLU OSMANLI TARİHİ 6 (Record no. 802059)

MARC details
000 -LEADER
sabit uzunluktaki kontrol alanı 00291nam a2200097Ia 4500
001 - KONTROL NUMARASI
kontrol alanı 802059
005 - EN SON İŞLEMİN TARİH VE ZAMANI
kontrol alanı 20250826171049.0
008 - SABİT-UZUNLUKTA VERİ ÖĞELERİ--GENEL BİLGİ
sabit uzunluktaki kontrol alanı 250824s9999 xx 000 0 und d
245 #0 - ESER / YAZAR
ESER ADI NEŞELİ, KEYİFLİ, MACERAVE BİLGİ DOLU OSMANLI TARİHİ 6
Yazar Adı ZEHRA AYGÜL
260 ## - YAYIN, DAĞITIM, VB.
YAYIN EVİ UĞUR BÖCEGİ YAYINLARI
Holdings
Düşüm durumu Kayıp durumu Hasar Durumu Ödünç verilmez Ana kütüphane Geçerli Kütüphane Edinilen tarih Toplam ödünç verme sayısı Barkod Son görüntüleme tarihi Fiyatın geçerli olmaya başladığı tarih Koha materyal türü
        AHMET ACAR İLKOKULU AHMET ACAR İLKOKULU 24.08.2025   10024696 26.08.2025 26.08.2025 Books